000 00896nam a2200253Ia 4500
003 OSt
005 20221005105234.0
006 a|||||r|||| 00| 0
007 ta
008 221004b |||||||| |||| 00| 0 hin d
024 _a28757
037 _cTextual
040 _aCRL
_cCRL
_bhin
041 _2hin
_ahin
082 _aPIII,3:4k, 152 M2
100 _aबुल्के, फादर कामिल, संपा.
245 0 _aअंगरेजी हिन्दी कोश
246 _aAangarejī hindī kosha
260 _aनई दिल्ली
_bएस.चन्द एण्ड कम्पनी भारत
_c1982
300 _a892पृ.
_ccm.
650 _aहिन्दी शब्दकोश
942 _hPIII,3:4k, 152 M2
_cTEXL
_2cc
999 _c1015236
_d1015236